1331 1918 1856 1951 1503 1300 1884 1620 1222 1192 1480 1787 1285 1897 1399 1796 1686 1595 1613 1263 1933 1485 1059 1922 1964 1795 1686 1358 1408 1965 1963 1537 1474 1189 1676 1203 1015 1425 1793 1356 1460 1201 1732 1116 1815 1946 1841 1425 1613 1402 1066 1898 1292 1156 1669 1842 1663 1273 1603 1533 1471 1194 1961 1627 1233 1864 1634 1381 1084 1011 1049 1881 1897 1106 1544 1917 1117 1327 1731 1653 1983 1263 1277 1542 1181 1114 1407 1942 1149 1803 1687 1708 1830 1884 1990 1524 1052 1588 1432 BCNSPRNW ULIB Ver.6.0+V

เปลี่ยนเป็นภาษาไทย

Change to English
 แสดงรายละเอียดบรรณานุกรม
  กลับหน้าหลัก

Brief Record : Get Marc (ISO 2709) : E-mail record : QR code < ปิดหน้าต่าง
LEADER : 00000nam 2200000uu 4500
001    13399115169
003     ULIB
008    110320s2552||||th 000 0 tha d
099    วจ.WY100^bส279ป
100 0  สมศรี ทาทาน
245 00 ปัจจัยที่มีผลต่อทักษะปฏิบัติการพยาบาลและทัศนคติต่อวิชาชีพตามการรับรู้ของนักศึกษาพยาบาลที่ขึ้นฝึกภาคปฏิบัติครั้งแรก วิทยาลัยพยาบาลบรมราชชนนี พะเยา/^cสมศรี ทาทาน และ อัมพร ยานะ
260    พะเยา :^bวิทยาลัยพยาบาลบรมราชชนนี พะเยา,^c2552
300    58 หน้า :^bตาราง
500    รายงานการวิจัย
650  7 ปฏิบัติการพยาบาล^xทักษะ^xวิจัย
700 02 อัมพร ยานะ
710 2  วิทยาลัยพยาบาลบรมราชชนนี. ^bพะเยา
945    ^p0^l0^i029247
995    ทศพร
999 ^a ใช้งานได้ทุกระบบ
รายการนี้ยังไม่มีแท็ก
คุณยังไม่ได้ล็อกอิน คุณสามารถมีกิจกรรมร่วมกับเว็บไซต์ได้ แต่ต้องล็อกอินก่อน ::
  ล็อกอิน

รายการสื่อสารสนเทศ

ลำดับที่ ประเภท เลขเรียก/บาร์โค้ด สถานที่ สถานะ
1. งานวิจัย
งานวิจัย
วจ.WY100 ส279ป ฉ.1 
  Barcode: 029247
ห้องสมุดวิทยาเขตสวรรค์ประชารักษ์
►วิจัย
บนชั้น

รายการใกล้เคียง
    ผู้แต่ง [สมศรี ทาทาน]

BibComment


ยังไม่เคยถูกคอมเมนท์

คอมเมนท์ทรัพยากรรายการนี้
  คอมเมนท์: ปัจจัยที่มีผลต่อท..


 Copyright 2026. Bcnsprnw @Library